LEADER 01008cam0-2200361---450- 001 990005665600403321 005 20080909112646.0 035 $a000566560 035 $aFED01000566560 035 $a(Aleph)000566560FED01 035 $a000566560 100 $a19990604d1929----km-y0itay50------ba 101 0 $aita 102 $aIT 105 $ay-------001yy 200 1 $aTradizioni morali e disciplina storica$fAdolfo Omodeo 210 $aBari$cLaterza$d1929 215 $a268 p.$d21 cm 225 1 $aBiblioteca di cultura moderna$v163 610 0 $aStoriografia 610 0 $aEtica 676 $a907.2 676 $a901$v21$zita 676 $a170$v21$zita 700 1$aOmodeo,$bAdolfo$f<1889-1946>$0137233 801 0$aIT$bUNINA$gRICA$2UNIMARC 901 $aBK 912 $a990005665600403321 952 $aP.1 FRM 877$bIST. ST. FIL. 299$fFLFBC 952 $aP.1 FRM 877 BIS$bBibl. 15931$fFLFBC 959 $aFLFBC 996 $aTradizioni morali e disciplina storica$9600191 997 $aUNINA LEADER 00814nam0-22002891i-450- 001 990006151710403321 005 19980601 035 $a000615171 035 $aFED01000615171 035 $a(Aleph)000615171FED01 035 $a000615171 100 $a19980601d1964----km-y0itay50------ba 105 $a--------00-yy 200 1 $a<>International Monetary Fund$elegal bases, structure, functions$fHans Aufricht. 210 $aLondon$cStevens & Sons$d1964 215 $a126 p.$d24 cm 676 $a332.152 700 1$aAufricht,$bHans$0111567 801 0$aIT$bUNINA$gRICA$2UNIMARC 901 $aBK 912 $a990006151710403321 952 $aX O 34 (63)$b76350$fFGBC 952 $aX F 132$b77105$fFGBC 959 $aFGBC 996 $aInternational monetary fund$9427040 997 $aUNINA DB $aGIU01